| 000 | 00431 a2200157 4500 | ||
|---|---|---|---|
| 003 | Nust | ||
| 005 | 20170207171856.0 | ||
| 040 | _cNust | ||
| 082 | _a005.1 | ||
| 100 | _aIdress, Sarmad (BESE-18) | ||
| 245 |
_aCrows Sourced Intelligent Route Planner (Hard / Soft-copy) _cSarmad Idress, Atif Rafique, Munib Ullah |
||
| 260 |
_aMCS, NUST _bRawalpindi _cMay, 2016 |
||
| 300 | _axi, 68 p | ||
| 650 | _aUG Projects | ||
| 651 | _aUG CSE Project | ||
| 942 | _cPRG | ||
| 999 |
_c219414 _d219414 |
||